000 00576nam a2200193Ia 4500
008 151119s9999||||xx |||||||||||||| ||und||
082 _bGKKV34167
100 _a"तेंडुलकर, प्रिया"
245 _aतिहार
260 _aमुंबई
260 _bललित पब्लिकेशन
260 _c2014
300 _a213p.
600 _a"तेंडुलकर, प्रिया"
630 _aतिहार
700 _a"तेंडुलकर, प्रिया"
730 _aतिहार
942 _cBOOK
999 _c1086460
_d1086457